000 00848nam a2200241 c 4500
005 20200904092117.0
008 120830s2019 sp a|||gr|||| 00| 0 spa d
020 _a9788489846715
040 _aCO-BoUCM
_bspa
_cDeissy Garcia
_dDeissy Garcia
041 1 _aspa
_hita
100 1 _aChejov, Michael
_9100793
_d1891-1955
245 1 0 _aSobre la tecnica de actuación
_cMichael Chejov ; traducción Antonio Fernández Lera
250 _a8a.Ed.
260 _aMadrid
_bAlba
_c2019
300 _a310 páginas
_bilustraciones
490 0 _aArtes escénicas
650 1 7 _9100857
_aTeatro
_xTécnica
650 1 7 _aTeatro
_xEnseñanza
_9100859
650 1 7 _aCaracterización teatral
_xEnseñanza
_9100860
700 1 _9100858
_aFernández Lera, Antonio
_etraductor
942 _cLIBRO
_2DEWEY
_a17
_e8
_h792.028
_mC515s
999 _c317941
_d317941